| 000 | 01888nam a22002777a 4500 | ||
|---|---|---|---|
| 005 | 20240604072438.0 | ||
| 008 | 240318b ||||| |||| 00| 0 eng d | ||
| 020 | _a9057010232 | ||
| 020 | _a9057010038 | ||
| 040 |
_aCO-BoUCM _cDavid Moreno _dDavid Moreno |
||
| 041 | _aeng | ||
| 245 | 0 | 0 |
_aArt history as cultural history _bWarburg's projects _cedited by Richard Woodfield |
| 260 |
_aAmsterdam _bRoutledge _c2001 |
||
| 300 |
_ax, 293 Paginas _bilustraciones |
||
| 490 | 1 | _aCritical voices in art, theory and culture | |
| 504 | _aIncluye referencias bibliográficas | ||
| 505 | _rThe entry of the idealizing classical style in the painting of early Renaissance / Aby Warburg -- Warburg centenary lecture / Ernst H. Gombrich -- The nineteenth century notion of a pagan revival / Ernst H. Gombrich -- Aby Warburg and the cultural historian Karl Lamprecht / Kathryn Brush -- Making a reception for Warburg : Fritz Saxl and Warburg's book Heidnisch-antike Weissagung in Wort und Bild zu Luthers Zeiten / Dorothea McEwan -- Mimesis and allegory : on Aby Warburg and Walter Benjamin / Matthew Rampley -- Urania redux : a view of Aby Warburg's writings on astrology and art / Kristen Lippincott -- "Serious issues" : the last plates of Warburg's picture atlas Mnemosyne / Charlotte Schoell-Glass -- Aby Warburg and the Florentine Intermedi of 1859 : extending the boundaries of art history / Peg Katritzky -- Warburg's "method" / Richard Woodfield. | ||
| 600 | 1 | 0 |
_aWarburg, Aby _d1866-1929 _xCriticism and interpretation _9180303 |
| 650 | 1 | 4 |
_aArte Moderno _ySiglo XX _928953 |
| 650 | 1 | 4 |
_aArte _xFilosofía _954815 |
| 650 | 1 | 4 |
_aHistoriadores del arte _zInglaterra _9180304 |
| 700 | 1 |
_aWoodfield, Richard _eeditor _9174942 |
|
| 830 | 0 |
_aCritical voices in art, theory and culture _9180305 |
|
| 942 |
_2DEWEY _a17 _cLIBRO _e1 _h700 _mA787a _n0 |
||
| 999 |
_c324020 _d324020 |
||